00702nam a22002177a 4500003000500000005001700005008004100022010001000063011001000073035001000083040000900093082002300102110005700125245009900182260003400281300001000315500004300325650003100368650003500399700005000434CHAP20220329134709.0971013s1984 r 00010 d a24350 a25322 a29422 cCHAP a636.2084bI5Y 1981 aInstitut National de la Recherche Agronomique. Paris aAlimentación práctica de bovinosb: nuevas recomendaciones del INRA para formular raciones aMadrid :bMundi-Prensa,c1984 a172 p aTrad. de la 2 ed. en Francés de 198114aForrajesxValor nutritivo.14aGanado vacunoxAlimentación.0 aFraga Fernández Cuevas, María de Jesús.